| 000 | 00955nam a2200205 a 4500 | ||
|---|---|---|---|
| 008 | 100119s2006 ||||||||||||||||| || u | ||
| 020 | _a9780750683005 | ||
| 050 | _aNA 2542.3 Smi | ||
| 100 | _aSmith, Peter F | ||
| 245 | 1 | 0 |
_aSustainability at the cutting edge: emerging technologies for low energy buildings. (2nd ed.) _cby Peter F. Smith |
| 250 | _a2nd ed. | ||
| 260 |
_aOxford: _bElsevier _c2006 |
||
| 300 | _axiv, 180p.: ill. | ||
| 350 | _a0.00 | ||
| 650 | _aARCHITECTURE--ENVIRONMENTAL ASPECTS | ||
| 650 | _aARCHITECTURE AND ENERGY CONSERVATION--EUROPE | ||
| 650 | _aARCHITECTURAL DESIGN--EVALUATION | ||
| 995 |
_aMAIN LIBRARY OPEN ACCESS _e743006 _FCBU-MAIN LIBRARY (Kitwe) _I0.00 _jNA 2542.3 Smi _M2 _UAVAILABLE _WJun 28, 2012 _y743006 _ZMain Library Open Access Collection |
||
| 995 |
_aMAIN LIBRARY OPEN ACCESS _D0.00 _e741022 _FCBU-MAIN LIBRARY (Kitwe) _H1 _I0.00 _jNA 2542.3 SMI _M1 _UAVAILABLE _WMar 17, 2010 _y741022 _ZMain Library Open Access Collection |
||
| 999 |
_c80863 _d80863 |
||